000 00444cam a2200169 i 4500
005 20260308094547.0
008 250721s2006 xxu gr 000 0 ara d
020 _a0072966556
082 1 4 _a780
_bK A M
100 1 _akamien، roger
_eAuthor.
245 1 0 _aMusic an appreciation /
_cRoger Kamien.
264 3 1 _bmc graw hill،
_c2006.
_aUSA.
300 _a411 Page.
650 1 7 _aMUSIC.
942 _2ddc
_cBK
999 _c130228
_d130228